Экогеохимия районов промышленного освоения Большеземельской тундры и Ямала: автореферат диссертации на соискание учёной степени доктора геолого-минералогических наук; спец. 25.00.36

Podrobná bibliografie
Hlavní autor: Тентюков М. П. Михаил Пантелеймонович
Korporace: Сыктывкарский государственный университет (СыктГУ), Российская академия наук (РАН) Уральское отделение (УрО) Коми научный центр (КомиНЦ) Институт биологии (ИБ)
Další autoři: Юдович Я. Э. Яков Эльевич (научный консультант)
Shrnutí:Заглавие с титульного экрана
Электронная версия печатной публикации
Jazyk:ruština
Vydáno: Томск, 2016
Témata:
On-line přístup:http://earchive.tpu.ru/handle/11683/36020
Médium: Elektronický zdroj Kniha
KOHA link:https://koha.lib.tpu.ru/cgi-bin/koha/opac-detail.pl?biblionumber=325449

MARC

LEADER 00000nam0a2200000 4500
001 325449
005 20231102003750.0
035 |a (RuTPU)RU\TPU\book\351063 
035 |a RU\TPU\book\349385 
090 |a 325449 
100 |a 20161206d2016 k y0rusy50 ca 
101 0 |a rus 
102 |a RU 
105 |a a dm 000zy 
135 |a drcn ---uucaa 
181 0 |a i  
182 0 |a b 
200 1 |a Экогеохимия районов промышленного освоения Большеземельской тундры и Ямала  |b Электронный ресурс  |e автореферат диссертации на соискание учёной степени доктора геолого-минералогических наук  |e спец. 25.00.36  |f М. П. Тентюков  |g Сыктывкарский государственный университет (СыктГУ) ; Российская академия наук (РАН), Уральское отделение (УрО), Коми научный центр (КомиНЦ), Институт биологии (ИБ) ; науч. конс. Я. Э. Юдович 
203 |a Текст  |c электронный 
210 |a Томск  |d 2016 
215 |a 1 файл (1787 Kb) 
230 |a Электронные текстовые данные (1 файл : 1787 Kb) 
300 |a Заглавие с титульного экрана 
300 |a Электронная версия печатной публикации 
606 1 |a Тундра  |x Загрязнения  |2 stltpush  |3 (RuTPU)RU\TPU\subj\76101  |9 87510 
610 1 |a электронный ресурс 
610 1 |a авторефераты диссертаций 
610 1 |a экогеохимия 
610 1 |a промышленное освоение 
610 1 |a Большеземельская тундра 
610 1 |a Ямал 
610 1 |a химические элементы 
610 1 |a элементы-примеси 
610 1 |a миграция 
610 1 |a ландшафты 
610 1 |a эмпирические закономерности 
610 1 |a мониторинг 
610 1 |a природные среды 
610 1 |a геохимические особенности 
610 1 |a нефтедобыча 
610 1 |a окружающая среда 
610 1 |a геохимические аномалии 
610 1 |a атмосферные загрязнения 
610 1 |a ландшафтно-геохимические исследования 
610 1 |a угледобыча 
610 1 |a газодобыча 
610 1 |a охрана 
675 |a 504.5(04)  |v 3 
686 |a 25.00.36  |2 oksvnk 
700 1 |a Тентюков  |b М. П.  |g Михаил Пантелеймонович 
702 1 |a Юдович  |b Я. Э.  |c российский геолог  |c профессор Сыктывкарского университета  |f 1937-  |g Яков Эльевич  |2 stltpush  |4 695  |9 8970 
712 0 2 |a Сыктывкарский государственный университет (СыктГУ)  |2 stltpush  |3 (RuTPU)RU\TPU\col\2762 
712 0 2 |a Российская академия наук (РАН)  |b Уральское отделение (УрО)  |b Коми научный центр (КомиНЦ)  |b Институт биологии (ИБ)  |c (Сыктывкар)  |2 stltpush  |3 (RuTPU)RU\TPU\col\25257 
801 2 |a RU  |b 63413507  |c 20200826  |g RCR 
856 4 |u http://earchive.tpu.ru/handle/11683/36020 
942 |c BK